Vida indómita : aventuras de un biólogo evolutivo /

Detalles Bibliográficos
Autor principal: Trivers, Robert, 1943- (Autor)
Formato: Electrónico eBook
Lenguaje:español
inglés
Publicado: Barcelona, España : Antoni Bosch editor, [2016]
Materias:
Acceso en línea:Digitalia Hispánica

MARC

LEADER 00000nam a2200000Ii 4500
001 DIGANBSCH0012
003 NyNyDIG
006 m o d
007 cr |||||||||||
008 240103s2016 sp a o 000 0 spa d
035 |a (OCoLC)1417821112 
040 |a DGITA  |b eng  |e rda  |e pn  |c DGITA 
020 |a 9788494610356  |q eBook 
020 |a 9788494610363  |q eBook 
020 |z 9788494610349 
041 1 |a spa  |h eng 
043 |a nwjm--- 
050 1 4 |a QH359 ebook 
100 1 |a Trivers, Robert,  |d 1943-  |e author. 
240 1 0 |a Wild life.  |l Spanish 
245 1 0 |a Vida indómita :  |b aventuras de un biólogo evolutivo /  |c Robert Trivers. 
246 3 0 |a Aventuras de un biólogo evolutivo 
264 1 |a Barcelona, España :  |b Antoni Bosch editor,  |c [2016] 
300 |a 1 online resource :  |b illustrations. 
336 |a text  |b txt  |2 rdacontent 
337 |a computer  |b c  |2 rdamedia 
338 |a online resource  |b cr  |2 rdacarrier 
347 |a text file  |2 rdaft 
347 |b PDF 
347 |b EPUB 
588 0 |a Online resource; title from PDF and ePub title page (Digitalia, viewed January 3, 2024) 
600 1 0 |a Trivers, Robert,  |d 1943- 
650 0 |a Evolution (Biology)  |v Anecdotes. 
651 0 |a Jamaica  |x Social life and customs  |v Anecdotes. 
600 1 0 |a Newton, Huey P.  |v Anecdotes. 
650 0 |a Crime  |z Jamaica  |v Anecdotes. 
700 1 |i Translation of:  |a Trivers, Robert,  |d 1943-  |t Wild life. 
791 2 |a Digitalia (Firm),  |e distributor. 
793 0 |g Digitalia eBook Collection:  |a Antoni Bosch Editor 
776 0 8 |i Print version:  |a Trivers, Robert, 1943-  |s Wild life. Spanish.  |t Vida indómita.  |d Barcelona, España : Antoni Bosch editor, [2016]  |z 9788494610349 
856 4 0 |3 Digitalia Hispánica  |u https://www.digitaliapublishing.com/a/84034/ 
910 |a Premium collection: 2024